• Commissione intercongregazionale di studio sull'identità carismatica e ministeriale di Famiglia Paolina

di Personal Name

Records bibliografici associati: 1

001 - CONTROL NUMBER

  • control field: 57354

003 - CONTROL NUMBER IDENTIFIER

  • control field:

005 - DATE AND TIME OF LATEST TRANSACTION

  • control field: 20180818170949.0

008 - FIXED-LENGTH DATA ELEMENTS

  • fixed length control field: 180818|| aca||aabn | a|a d

040 ## - CATALOGING SOURCE

  • Original cataloging agency:
  • Transcribing agency:

100 ## - HEADING--PERSONAL NAME

  • Personal name: Commissione intercongregazionale di studio sull'identità carismatica e ministeriale di Famiglia Paolina

670 ## - SOURCE DATA FOUND

  • Source citation: Work cat.: (): Commissione intercongregazionale di studio sull'identità carismatica e ministeriale di Famiglia Paolina, Dare al mondo Gesù Cristo Via e Verità e Vita, 2001
CREDITS: SOCIETA' SAN PAOLO Via A.Severo, 58 - ROMA (RM) & PERIODICI SAN PAOLO SRL Via Giotto, 36 MILANO & CISF Via Giotto, 36 MILANO & EDIZIONI SAN PAOLO SRL,  Piazza Soncino, 5 CINISELLO BALSAMO (MI) -- ITALY